Statistics for 2020s Oscar Best Actress Nominees

Click here to take the quiz!

General Stats

  • This quiz has been taken 339 times
    (72 since last reset)
  • The average score is 15 of 24

Answer Stats

MovieActress% Correct
Poor ThingsEmma Stone
97%
TárCate Blanchett
93%
Everything Everywhere All at OnceMichelle Yeoh
88%
NomadlandFrances McDormand
86%
Marriage StoryScarlett Johansson
79%
JudyRenée Zellweger
78%
Little WomenSaoirse Ronan
76%
BombshellCharlize Theron
71%
Promising Young Woman, MaestroCarey Mulligan
69%
Killers of the Flower MoonLily Gladstone
69%
The Lost DaughterOlivia Colman
67%
The Eyes of Tammy FayeJessica Chastain
66%
The FabelmansMichelle Williams
66%
Ma Rainey's Black BottomViola Davis
66%
BlondeAna de Armas
64%
Being the RicardosNicole Kidman
62%
SpencerKristen Stewart
60%
NyadAnnette Bening
55%
Anatomy of a FallSandra Hüller
53%
Parallel MothersPenélope Cruz
45%
To LeslieAndrea Riseborough
36%
HarrietCynthia Erivo
33%
Pieces of a WomanVanessa Kirby
33%
The U.S. vs. Billie HolidayAndra Day
26%

Score Distribution

Percentile by Number Answered

Percent of People with Each Score

Your Score History

You have not taken this quiz since the last reset